000 00346nam a2200121Ia 4500
008 230907s9999||||xx |||||||||||||| ||und||
082 _a891.4393
_bUME
245 0 _aحُسنہ اور حُسن آراء , Husna aur husn aara /
260 _aIlm-O-Irfan Publishers,
_bLahore :
_c2009
300 _a192 p.
650 _aUrdu Literature
942 _cBK
999 _c599750
_d599750